00382nam a2200109 a 4500008004100000020001500041050001600056245013000072260003700202300002400239350000900263120416s0000 ||||||||||||||||| || u a0620166932 aZ 674.4 Pro00aProceedings of the conference on library and information services for future development of Southerncedited by A. G. Coetzer aPretoriabInfo Africa Novac1992 a[xii], 789p. : ill. a0.00